[Event "21. Intern. Travemünder Schach-Open"]
[Site "?"]
[Date "2004.12.30"]
[Round "7"]
[White "Nilsson, Anders"]
[Black "Thomasson, Staffan"]
[Result "1-0"]
[WhiteElo "2176"]
[BlackElo "2052"]
[PlyCount "51"]
[EventDate "2004.??.??"]

1. d4 d5 2. c4 c6 3. Nf3 Nf6 4. Nc3 dxc4 5. a4 Bf5 6. e3 Bd3 7. Bxd3 cxd3 8.
Qxd3 e6 9. O-O Nbd7 10. Rd1 Bb4 11. e4 h6 12. Bd2 O-O 13. e5 Nd5 14. Nxd5 Bxd2
15. Nf6+ gxf6 16. Qxd2 Kh7 17. Qf4 f5 18. a5 Rg8 19. h3 Nf8 20. Kh2 Qd5 21. Qh4
Rxg2+ 22. Kxg2 Ng6 23. Qg3 Rg8 24. Kh2 f4 25. Qg4 Ne7 26. Qxf4 1-0

[Event "21. Intern. Travemünder Schach-Open"]
[Site "?"]
[Date "2004.12.30"]
[Round "7"]
[White "Trisic, Alexandar"]
[Black "Hobuss, Wolfgang"]
[Result "1-0"]
[WhiteElo "2295"]
[BlackElo "2108"]
[PlyCount "117"]
[EventDate "2004.??.??"]

1. d4 Nf6 2. c4 c5 3. Nf3 cxd4 4. Nxd4 Nc6 5. Nc3 g6 6. g3 Bg7 7. Bg2 O-O 8.
Nc2 d6 9. Rb1 Be6 10. Ne3 Qd7 11. h3 Ne8 12. Ncd5 Rc8 13. Nf4 Ne5 14. b3 b5 15.
Nxe6 fxe6 16. cxb5 Qxb5 17. O-O Nc6 18. Bb2 Nf6 19. h4 Rc7 20. Bh3 Kf7 21. a4
Qb4 22. Nc2 Qa5 23. Ne3 Qb4 24. Nc2 Qa5 25. Na3 Rb8 26. Nc4 Qd5 27. Qc2 Rbc8
28. Bg2 Qf5 29. e4 Qh5 30. Qd2 d5 31. exd5 exd5 32. Bxf6 Bxf6 33. Bxd5+ Kg7 34.
Bxc6 Rxc6 35. Rfe1 g5 36. hxg5 Bxg5 37. Qd5 Rh6 38. Qg2 Rd8 39. Ne5 Bf6 40. Nf3
Rd3 41. Re3 Rxe3 42. fxe3 Rg6 43. Rc1 Qd5 44. Nd4 Qe5 45. Kf2 Bh4 46. Ke2 Rxg3
47. Qf2 e6 48. Rc7+ Kh6 49. Qf8+ Kh5 50. Rc5 Rxe3+ 51. Kd2 Re2+ 52. Kd1 Re1+
53. Kc2 Re2+ 54. Kb1 Re1+ 55. Kc2 Re2+ 56. Kb1 Re1+ 57. Ka2 Re2+ 58. Ka3 Qxc5+
59. Qxc5+ 1-0

[Event "21. Intern. Travemünder Schach-Open"]
[Site "?"]
[Date "2004.12.30"]
[Round "7"]
[White "Meier, David-Geffrey"]
[Black "Hartmann, Christian"]
[Result "1/2-1/2"]
[WhiteElo "2258"]
[BlackElo "2097"]
[PlyCount "57"]
[EventDate "2004.??.??"]

1. d4 Nf6 2. c4 e6 3. Nf3 Bb4+ 4. Bd2 a5 5. g3 b6 6. Bg2 Bb7 7. O-O O-O 8. Nc3
Ne4 9. Nxe4 Bxe4 10. Bf4 Be7 11. Rc1 d6 12. Bh3 Nd7 13. Nd2 Bb7 14. Nb1 Bf6 15.
Nc3 g6 16. Bh6 Bg7 17. Bxg7 Kxg7 18. e4 f5 19. exf5 exf5 20. d5 Nf6 21. Qd4 Kf7
22. Rce1 Re8 23. Re3 Qd7 24. Rfe1 Rxe3 25. Rxe3 Re8 26. Bg2 Rxe3 27. fxe3 Qe7
28. Bf3 Bc8 29. Kf2 1/2-1/2

[Event "21. Intern. Travemünder Schach-Open"]
[Site "?"]
[Date "2004.12.30"]
[Round "7"]
[White "Syperek, Sebastian"]
[Black "Skinke, Katrina"]
[Result "1-0"]
[WhiteElo "2249"]
[BlackElo "2090"]
[PlyCount "85"]
[EventDate "2004.??.??"]

1. d4 Nf6 2. Nf3 g6 3. c4 Bg7 4. Nc3 O-O 5. Bg5 d6 6. e4 Nbd7 7. Be2 e5 8. d5
a5 9. O-O Nc5 10. Nd2 Qe7 11. b3 h6 12. Bh4 g5 13. Bg3 Nh7 14. a3 f5 15. f3 Nf6
16. b4 axb4 17. axb4 Rxa1 18. Qxa1 Na6 19. Qa3 Nh5 20. Bf2 Nf4 21. c5 Nxe2+ 22.
Nxe2 Rd8 23. Nc3 dxc5 24. bxc5 Bf8 25. Nb3 fxe4 26. fxe4 b6 27. d6 Qe6 28. Nd5
cxd6 29. cxb6 Bb7 30. Rd1 Ra8 31. Na5 Nc5 32. Bxc5 dxc5 33. Nc7 Qxb6 34. Nxa8
Bxa8 35. Nc4 Qb7 36. Qa2 Kh8 37. Nxe5 Qxe4 38. Qf2 Bg7 39. Re1 Qd5 40. Nf7+ Kh7
41. Qc2+ Kg8 42. Nxh6+ Kf8 43. Qf2+ 1-0

[Event "21. Intern. Travemünder Schach-Open"]
[Site "?"]
[Date "2004.12.30"]
[Round "7"]
[White "Dunsbach, Ralf"]
[Black "Spielberger, Horst"]
[Result "1-0"]
[WhiteElo "2239"]
[BlackElo "2072"]
[PlyCount "92"]
[EventDate "2004.??.??"]

1. Nf3 d5 2. c4 Nf6 3. cxd5 Nxd5 4. e4 Nb6 5. d4 Bg4 6. Be3 e6 7. Nc3 Be7 8. h3
Bxf3 9. Qxf3 O-O 10. Rd1 c6 11. Bd3 N8d7 12. e5 f5 13. exf6 Nxf6 14. O-O Nbd5
15. Bc1 Bb4 16. Ne4 Qd7 17. a3 Ba5 18. Qe2 Rae8 19. Ng5 Bc7 20. Nf3 Qf7 21. Ng5
Qe7 22. Qc2 e5 23. Bxh7+ Kh8 24. Bg6 e4 25. Bxe8 Rxe8 26. Qc5 Qd7 27. Rfe1 b6
28. Qc2 Qe7 29. Qxc6 e3 30. Bxe3 Rc8 31. Qe6 Qxe6 32. Nxe6 Bd6 33. Rc1 Re8 34.
Ng5 Kg8 35. Bd2 Rd8 36. Ne4 Nxe4 37. Rxe4 Kf7 38. g3 Rh8 39. Kg2 a5 40. Rc6 Rd8
41. Bf4 Bxf4 42. gxf4 Nf6 43. Re5 Rxd4 44. Rxb6 Rxf4 45. Rxa5 Rd4 46. Rxf6+
gxf6 1-0

[Event "21. Intern. Travemünder Schach-Open"]
[Site "?"]
[Date "2004.12.30"]
[Round "7"]
[White "Wiege, Gerald"]
[Black "Marcziter, Dimitrii"]
[Result "0-1"]
[WhiteElo "2107"]
[BlackElo "2220"]
[PlyCount "75"]
[EventDate "2004.??.??"]

1. d4 Nf6 2. c4 d6 3. Nc3 Nbd7 4. Nf3 e5 5. e4 Be7 6. Be2 O-O 7. O-O c6 8. Re1
a6 9. h3 b5 10. a3 Bb7 11. Bf1 Re8 12. c5 exd4 13. Nxd4 Nxc5 14. Nf5 Bf8 15.
Qf3 Nb3 16. Qg3 Kh8 17. Bg5 Nxa1 18. Bd3 Re5 19. Rxa1 Nh5 20. Qxe5 dxe5 21.
Bxd8 Rxd8 22. Bf1 Rd2 23. b4 c5 24. Rb1 Nf4 25. Ne3 cxb4 26. axb4 Rd4 27. g3
Ne6 28. Ncd5 g6 29. Rb2 f5 30. Bg2 Ng5 31. exf5 gxf5 32. h4 Ne4 33. Bxe4 fxe4
34. Nf6 Bxb4 35. Nc2 Rd1+ 36. Kg2 e3+ 37. f3 Be7 38. Ne4 0-1

[Event "21. Intern. Travemünder Schach-Open"]
[Site "?"]
[Date "2004.12.30"]
[Round "7"]
[White "Meissner, Claudia"]
[Black "Wiebe, Patrick"]
[Result "1-0"]
[WhiteElo "2112"]
[BlackElo "2210"]
[PlyCount "101"]
[EventDate "2004.??.??"]

1. d4 e6 2. Nf3 d5 3. g3 c6 4. Bg2 f5 5. O-O Nf6 6. c4 Be7 7. b3 O-O 8. Qd3
Nbd7 9. Ng5 Nb8 10. Nh3 h6 11. Nf4 Qe8 12. Ba3 Bxa3 13. Nxa3 g5 14. Nh3 Na6 15.
f3 e5 16. dxe5 Qxe5 17. f4 Qe7 18. fxg5 Ne4 19. Nc2 dxc4 20. Qxc4+ Be6 21. Qd4
Nxg5 22. Nf4 Rad8 23. Qxa7 Bd5 24. Nxd5 cxd5 25. Ne3 Qe5 26. Rad1 d4 27. Nc4
Qc5 28. Qxb7 Nb4 29. a3 d3+ 30. e3 Nc2 31. Qc6 Qxc6 32. Bxc6 Ne4 33. Bxe4 fxe4
34. Rf4 Rxf4 35. gxf4 Kf7 36. Kf2 Ke6 37. a4 Rd5 38. Nd2 Rh5 39. Nxe4 Rxh2+ 40.
Kg3 Rg2+ 41. Kxg2 Nxe3+ 42. Kf3 Nxd1 43. Nc5+ Kd5 44. Nxd3 Kd4 45. a5 Nc3 46.
a6 Nb5 47. f5 Kd5 48. Kf4 Kc6 49. f6 Nd6 50. Ne5+ Kb6 51. Nc4+ 1-0

[Event "21. Intern. Travemünder Schach-Open"]
[Site "?"]
[Date "2004.12.30"]
[Round "7"]
[White "Schütze, Norman"]
[Black "Jochens, Arne"]
[Result "1-0"]
[WhiteElo "2100"]
[BlackElo "2187"]
[PlyCount "79"]
[EventDate "2004.??.??"]

1. e4 c5 2. Nf3 Nc6 3. d4 cxd4 4. Nxd4 e5 5. Nb5 d6 6. c4 Be7 7. Be2 Be6 8. b3
Nf6 9. N1c3 Nd4 10. O-O O-O 11. Bb2 a6 12. Na3 Qa5 13. Nc2 Nxc2 14. Qxc2 Rfc8
15. Qd3 Rc7 16. a4 Rd7 17. Bd1 Rc8 18. Bc2 Nh5 19. g3 g6 20. Kg2 f5 21. f3 Rf8
22. Ba3 Nf6 23. b4 Qc7 24. Bb3 Rc8 25. Nd5 Bxd5 26. exd5 e4 27. fxe4 Nxe4 28.
g4 Bf6 29. Rae1 Bh4 30. Re2 Rf8 31. Kh1 Rdf7 32. gxf5 Rxf5 33. Rxf5 gxf5 34.
Rg2+ Kh8 35. Bb2+ Bf6 36. Bxf6+ Rxf6 37. Qd4 Qe7 38. Bc2 Qf7 39. Bxe4 fxe4 40.
c5 1-0

[Event "21. Intern. Travemünder Schach-Open"]
[Site "?"]
[Date "2004.12.30"]
[Round "7"]
[White "Horn, Sven"]
[Black "Schmezko, Stefan"]
[Result "1/2-1/2"]
[WhiteElo "2092"]
[BlackElo "2185"]
[PlyCount "26"]
[EventDate "2004.??.??"]

1. e4 e5 2. Nf3 Nc6 3. Bc4 Nf6 4. d3 Be7 5. O-O O-O 6. c3 d5 7. exd5 Nxd5 8. h3
a6 9. Re1 Bf6 10. Nbd2 Nb6 11. Qe2 Bf5 12. Ne4 Nxc4 13. dxc4 Bxe4 1/2-1/2

[Event "21. Intern. Travemünder Schach-Open"]
[Site "?"]
[Date "2004.12.30"]
[Round "7"]
[White "Lieder, Konrad"]
[Black "Schuster, Martin"]
[Result "1/2-1/2"]
[WhiteElo "2087"]
[BlackElo "2177"]
[PlyCount "83"]
[EventDate "2004.??.??"]

1. d4 d5 2. c4 e6 3. Nf3 Nf6 4. Nc3 Be7 5. Bf4 O-O 6. e3 a6 7. Qc2 Nbd7 8. Be2
dxc4 9. Bxc4 b5 10. Be2 c5 11. a4 cxd4 12. exd4 b4 13. Ne4 Nd5 14. Bd6 Bb7 15.
Bxe7 Qxe7 16. O-O Rac8 17. Qd2 N5f6 18. Ng3 Nb6 19. Rfe1 Rfd8 20. Bd3 Qd6 21.
Ne4 Nxe4 22. Bxe4 Bxe4 23. Rxe4 Rc7 24. Qd3 Nd5 25. Rae1 Rdc8 26. g3 Nf6 27.
R4e2 Qc6 28. Qb3 Qc4 29. Qxc4 Rxc4 30. Rd2 Nd5 31. Ne5 Rc2 32. Ree2 Rxd2 33.
Rxd2 Rc1+ 34. Kg2 Ra1 35. Rc2 h5 36. Rc8+ Kh7 37. Nxf7 Rxa4 38. Ng5+ Kg6 39.
Nxe6 Ra2 40. Rc5 Nf6 41. Nf4+ Kf7 42. Rc7+ 1/2-1/2

[Event "21. Intern. Travemünder Schach-Open"]
[Site "?"]
[Date "2004.12.30"]
[Round "7"]
[White "Hansson, Jonathan"]
[Black "Duchrow, Oliver"]
[Result "1-0"]
[WhiteElo "2164"]
[BlackElo "2081"]
[PlyCount "85"]
[EventDate "2004.??.??"]

1. d4 f5 2. Nc3 Nf6 3. Bg5 e6 4. e4 fxe4 5. Nxe4 Be7 6. Bxf6 Bxf6 7. Nf3 d6 8.
c3 Nc6 9. Bb5 Bd7 10. Qe2 Qe7 11. h4 O-O-O 12. a4 h6 13. b4 g5 14. h5 g4 15.
Nfd2 Rhf8 16. a5 Kb8 17. Bd3 Nxd4 18. cxd4 Bxd4 19. O-O d5 20. Ng3 Bxa1 21.
Rxa1 Qxb4 22. Ba6 Qd6 23. Rb1 b6 24. Qxg4 Qc5 25. Qe2 Qxa5 26. Nf3 Rf4 27. Ne5
Be8 28. Qe3 Rb4 29. Rxb4 Qxb4 30. Ne2 Qd6 31. Nd4 c5 32. Nb5 Bxb5 33. Bxb5 Rg8
34. Nf7 Qc7 35. Qxe6 d4 36. Nxh6 Rf8 37. Nf5 Qc8 38. Qd6+ Kb7 39. Qd5+ Kb8 40.
Ne7 Qc7 41. Nc6+ Kb7 42. Nxd4+ Kb8 43. Nc6+ 1-0

[Event "21. Intern. Travemünder Schach-Open"]
[Site "?"]
[Date "2004.12.30"]
[Round "7"]
[White "Jordan, Christian"]
[Black "Schulenburg, Fabian"]
[Result "1-0"]
[WhiteElo "2164"]
[BlackElo "2042"]
[PlyCount "117"]
[EventDate "2004.??.??"]

1. e4 d5 2. exd5 Qxd5 3. Nc3 Qa5 4. g3 c6 5. Bg2 Nf6 6. Nge2 g6 7. O-O Bg7 8.
h3 O-O 9. Nd4 Nbd7 10. Nb3 Qc7 11. d4 e5 12. Re1 exd4 13. Bf4 Qb6 14. Qxd4 Qxd4
15. Nxd4 Nh5 16. Be3 Nb6 17. Rad1 f5 18. Bf1 Bd7 19. a4 a6 20. a5 Nc4 21. Nb3
Rad8 22. Bc1 Ne5 23. Be2 f4 24. g4 f3 25. Bf1 Nf4 26. Nc5 Ne2+ 27. Nxe2 fxe2
28. Bxe2 Bc8 29. f4 Nf7 30. c3 Nd6 31. Kg2 Bf6 32. Kg3 Rfe8 33. Bd3 Rxe1 34.
Rxe1 Kf7 35. Bc2 Re8 36. Rd1 Nb5 37. Bb3+ Kg7 38. Kf3 Bd8 39. c4 Be7 40. Ne4
Nc7 41. Bd2 Kf8 42. Bc3 Ne6 43. Nf6 Bxf6 44. Bxf6 Nc5 45. Bc2 Be6 46. b3 Nd7
47. Bg5 Kg7 48. f5 Ne5+ 49. Kg3 Bc8 50. Rd8 Rxd8 51. Bxd8 gxf5 52. gxf5 Nf7 53.
Be7 Nh6 54. Kf4 Kf7 55. Bh4 Bd7 56. Ke5 Bc8 57. Bg5 Ng8 58. Kd6 h6 59. Bh4 1-0

[Event "21. Intern. Travemünder Schach-Open"]
[Site "?"]
[Date "2004.12.30"]
[Round "7"]
[White "Strache, Michael"]
[Black "Thimm, Torsten"]
[Result "0-1"]
[WhiteElo "2037"]
[BlackElo "2164"]
[PlyCount "82"]
[EventDate "2004.??.??"]

1. e4 c5 2. Nc3 Nc6 3. f4 g6 4. Nf3 Bg7 5. d3 d6 6. g3 e6 7. Bg2 Nge7 8. O-O
O-O 9. h3 Rb8 10. g4 f5 11. Ne2 Kh8 12. Ng3 e5 13. exf5 gxf5 14. g5 exf4 15.
Nh5 Be5 16. Nxf4 Ng6 17. Nd5 Bg7 18. h4 Be6 19. Nc3 Nd4 20. h5 Nxf3+ 21. Qxf3
Bd4+ 22. Kh1 Nh4 23. Qg3 Nxg2 24. Kxg2 Qd7 25. Bf4 Rg8 26. Bxd6 Rxg5 27. Bxb8
Rxg3+ 28. Bxg3 b5 29. Rae1 b4 30. Ne2 Bd5+ 31. Kh2 Bxb2 32. Nf4 Bxa2 33. Bh4 a5
34. Re7 Qd6 35. Kh3 Bf6 36. Re8+ Kg7 37. Bg3 Qd7 38. Rfe1 a4 39. Ne6+ Bxe6 40.
R8xe6 f4 41. Bxf4 Kf7 0-1

[Event "21. Intern. Travemünder Schach-Open"]
[Site "?"]
[Date "2004.12.30"]
[Round "7"]
[White "Schmid, Thomas"]
[Black "Just, Gabriele"]
[Result "1/2-1/2"]
[WhiteElo "2163"]
[BlackElo "2032"]
[PlyCount "108"]
[EventDate "2004.??.??"]

1. Nc3 e6 2. d4 Bb4 3. e4 d5 4. a3 Bxc3+ 5. bxc3 dxe4 6. f3 Qd5 7. Be3 Nf6 8.
Be2 O-O 9. Nh3 e5 10. Nf2 Re8 11. O-O exf3 12. Bxf3 e4 13. Be2 Nc6 14. c4 Qd6
15. c5 Qd8 16. c4 h6 17. Nh1 Bd7 18. Ng3 Qe7 19. Bf4 Be6 20. Be3 Rad8 21. d5
Bc8 22. Qc1 Ne5 23. Qc3 Nfg4 24. Bd4 e3 25. h3 Nf6 26. Qxe3 Nh7 27. Rae1 Qg5
28. Qf2 Qf6 29. Qxf6 Nxf6 30. Nf5 Bxf5 31. Rxf5 Ned7 32. c6 bxc6 33. dxc6 Nb8
34. Bxf6 gxf6 35. Rxf6 Kg7 36. Rff1 Nxc6 37. Bf3 Ne5 38. Bh5 Ng6 39. Rxe8 Rxe8
40. Rf5 Ne5 41. Kf1 Re7 42. Be2 f6 43. Rf4 Rd7 44. Re4 c5 45. Re3 Rb7 46. Rc3
Rb2 47. Kf2 Ra2 48. Ke3 Kf7 49. g4 Ke6 50. Bf1 Rb2 51. Be2 Kd6 52. Bd1 Rb1 53.
Kd2 Rb2+ 54. Ke3 Rb1 1/2-1/2

[Event "21. Intern. Travemünder Schach-Open"]
[Site "?"]
[Date "2004.12.30"]
[Round "7"]
[White "Dahlhaus, Friedhelm"]
[Black "Heroiu, Alexandru"]
[Result "1/2-1/2"]
[WhiteElo "2151"]
[BlackElo "2029"]
[PlyCount "74"]
[EventDate "2004.??.??"]

1. e4 g6 2. d4 Bg7 3. Nc3 c5 4. d5 Bxc3+ 5. bxc3 Qa5 6. Bd2 d6 7. a4 Nf6 8.
Bb5+ Nbd7 9. c4 Qc7 10. Bc3 O-O 11. Bxd7 Bxd7 12. Qd3 Rae8 13. Nf3 e5 14. Bd2
Nh5 15. Bh6 Nf4 16. Bxf4 exf4 17. O-O f5 18. Nd2 fxe4 19. Nxe4 Bf5 20. f3 Re5
21. Rfe1 Qe7 22. Re2 Re8 23. Rae1 g5 24. Qd2 b6 25. h4 h6 26. hxg5 hxg5 27. a5
Bxe4 28. Rxe4 Qf6 29. Rxe5 Rxe5 30. axb6 axb6 31. Rxe5 Qxe5 32. Kf2 Kg7 33. Qd3
Kf6 34. Kf1 Qa1+ 35. Kf2 Qe5 36. Kf1 Qa1+ 37. Kf2 Qe5 1/2-1/2

[Event "21. Intern. Travemünder Schach-Open"]
[Site "?"]
[Date "2004.12.30"]
[Round "7"]
[White "Beyer, Dirk"]
[Black "Ilgner, Andreas"]
[Result "1/2-1/2"]
[WhiteElo "1912"]
[BlackElo "2146"]
[PlyCount "87"]
[EventDate "2004.??.??"]

1. d4 d5 2. Nf3 c6 3. e3 Bg4 4. b3 Nd7 5. Bb2 e6 6. Be2 f5 7. Nbd2 Ngf6 8. Ne5
Bxe2 9. Qxe2 Nxe5 10. dxe5 Nd7 11. g4 Qg5 12. gxf5 Qxf5 13. e4 Qf7 14. O-O-O
O-O-O 15. Rhf1 Qf4 16. Qf3 Qh6 17. exd5 cxd5 18. Qg4 Bc5 19. Kb1 Rhf8 20. Qg3
Rf5 21. Nf3 Rdf8 22. Nd4 Bxd4 23. Bxd4 Rf3 24. Qg2 Kb8 25. Rg1 g6 26. Qg4 R8f5
27. Bxa7+ Kc8 28. Qa4 Qf8 29. Rg4 R3f4 30. Rxf4 Rxf4 31. Bd4 Qd8 32. Qa8+ Kc7
33. Qa3 Nb8 34. Rd3 Nc6 35. Qc5 Kb8 36. Be3 Rf5 37. f4 Qe7 38. Qb6 g5 39. Bc5
Qd8 40. Bd6+ Kc8 41. Qb5 gxf4 42. Rc3 Qd7 43. Qa4 Kd8 44. Bc5 1/2-1/2

[Event "21. Intern. Travemünder Schach-Open"]
[Site "?"]
[Date "2004.12.30"]
[Round "7"]
[White "Poulsen, Iver"]
[Black "Rickert, Heiko"]
[Result "1-0"]
[WhiteElo "2144"]
[BlackElo "1833"]
[PlyCount "63"]
[EventDate "2004.??.??"]

1. e4 c5 2. Nf3 Nc6 3. d4 cxd4 4. Nxd4 g6 5. Be3 Bg7 6. Nc3 d6 7. Qd2 Nf6 8. f3
O-O 9. Bc4 Bd7 10. O-O-O Rc8 11. Bb3 Ne5 12. Kb1 Nc4 13. Bxc4 Rxc4 14. g4 a5
15. Nde2 a4 16. h4 h5 17. e5 Ne8 18. gxh5 Bxe5 19. hxg6 fxg6 20. Qd5+ Kg7 21.
Qxc4 Rxf3 22. Bd4 Qa5 23. h5 Bf5 24. hxg6 Bxg6 25. Rdg1 Nf6 26. Rf1 Bf7 27.
Rhg1+ Rg3 28. Rxg3+ Bxg3 29. Bxf6+ exf6 30. Qg4+ Qg5 31. Qxg5+ fxg5 32. Rxf7+
1-0

[Event "21. Intern. Travemünder Schach-Open"]
[Site "?"]
[Date "2004.12.30"]
[Round "7"]
[White "Dümmke, Jürgen"]
[Black "Wendling, Hannes"]
[Result "1-0"]
[WhiteElo "2136"]
[BlackElo "1827"]
[PlyCount "51"]
[EventDate "2004.??.??"]

1. Nf3 d5 2. g3 Nf6 3. Bg2 g6 4. c4 c6 5. b3 Bg7 6. Bb2 Nbd7 7. d3 O-O 8. O-O
Re8 9. Nbd2 e5 10. cxd5 cxd5 11. Qc2 b6 12. Rac1 Ba6 13. b4 Rc8 14. Qa4 e4 15.
Qxa6 exf3 16. Bxf3 Rc7 17. Rxc7 Qxc7 18. Rc1 Qb8 19. e3 h6 20. Bd4 Kh7 21. Kg2
Rd8 22. Nb3 Nf8 23. Ba1 Ne6 24. Nd4 Nc7 25. Qa4 b5 26. Qa5 1-0

[Event "21. Intern. Travemünder Schach-Open"]
[Site "?"]
[Date "2004.12.30"]
[Round "7"]
[White "Pienski, Olaf"]
[Black "Heiden, Markus"]
[Result "1/2-1/2"]
[WhiteElo "2137"]
[BlackElo "1880"]
[PlyCount "45"]
[EventDate "2004.??.??"]

1. g3 f5 2. d4 Nf6 3. Bg2 g6 4. Nf3 Bg7 5. O-O O-O 6. c4 d6 7. Nc3 Qe8 8. e4
fxe4 9. Ng5 Nc6 10. Ngxe4 Nxe4 11. Nxe4 Nxd4 12. Bd2 Bd7 13. Bc3 e5 14. Bxd4
exd4 15. Qb3 Bc6 16. c5+ Kh8 17. cxd6 Bxe4 18. Rae1 Qd7 19. Bxe4 Qxd6 20. Bd3
Rae8 21. Rxe8 Rxe8 22. Qxb7 Qb6 23. Qxb6 1/2-1/2

[Event "21. Intern. Travemünder Schach-Open"]
[Site "?"]
[Date "2004.12.30"]
[Round "7"]
[White "Schroeter, Baldur"]
[Black "Hesse, Jürgen"]
[Result "1/2-1/2"]
[WhiteElo "1893"]
[BlackElo "2136"]
[PlyCount "29"]
[EventDate "2004.??.??"]

1. e4 e5 2. Nc3 Nf6 3. f4 d5 4. fxe5 Nxe4 5. Nf3 Bg4 6. d3 Nxc3 7. bxc3 Be7 8.
d4 O-O 9. Bd3 f6 10. O-O fxe5 11. dxe5 Nd7 12. Be2 c6 13. Nd4 Rxf1+ 14. Kxf1
Bxe2+ 15. Qxe2 1/2-1/2

[Event "21. Intern. Travemünder Schach-Open"]
[Site "?"]
[Date "2004.12.30"]
[Round "7"]
[White "GM Kalinitschew, Sergej"]
[Black "Elmali, Timur"]
[Result "1-0"]
[WhiteElo "2517"]
[BlackElo "2160"]
[PlyCount "67"]
[EventDate "2004.??.??"]

1. d4 Nf6 2. c4 g6 3. g3 Bg7 4. Bg2 d6 5. Nf3 O-O 6. O-O Nc6 7. Nc3 a6 8. h3
Rb8 9. Be3 b5 10. Nd2 Bd7 11. Rc1 e5 12. dxe5 Nxe5 13. c5 Re8 14. cxd6 cxd6 15.
Bg5 Be6 16. Nde4 b4 17. Bxf6 Bxf6 18. Nd5 Bxd5 19. Qxd5 Re6 20. Rfd1 Rb5 21.
Qd3 Bg7 22. Rd2 h6 23. Kh2 Bf8 24. Rcc2 Rb8 25. Qd5 Nd7 26. Rd1 Nf6 27. Qd3
Nxe4 28. Bxe4 Qf6 29. Kg2 Ree8 30. Bd5 Rec8 31. Rxc8 Rxc8 32. Qxa6 Rc2 33. Rd3
Rc7 34. Qb6 1-0

[Event "21. Intern. Travemünder Schach-Open"]
[Site "?"]
[Date "2004.12.30"]
[Round "7"]
[White "GM Voloshín, Leonid"]
[Black "Lampe, Jörg"]
[Result "1-0"]
[WhiteElo "2494"]
[BlackElo "2142"]
[PlyCount "131"]
[EventDate "2004.??.??"]

1. d4 Nf6 2. Nf3 c5 3. d5 e6 4. c4 exd5 5. cxd5 d6 6. Nc3 g6 7. Qa4+ Bd7 8. Qb3
Qc7 9. Nd2 b5 10. Nxb5 Bxb5 11. Qxb5+ Nbd7 12. Qc6 Qxc6 13. dxc6 Ne5 14. e4
Nxc6 15. Bb5 Kd7 16. f3 Bg7 17. Nc4 Rab8 18. Bxc6+ Kxc6 19. Bd2 Nd7 20. O-O-O
Ne5 21. Na5+ Kc7 22. Bc3 Rb5 23. Kc2 Rg8 24. a4 Rb6 25. Rd5 Ra6 26. Bxe5 Bxe5
27. Nc4 Rxa4 28. Nxe5 dxe5 29. Rxe5 Rc4+ 30. Kb3 Rb4+ 31. Ka3 Rgb8 32. Rxc5+
Kd6 33. Rc2 R4b6 34. Rd1+ Ke6 35. Rd4 R8b7 36. Rdc4 Ke5 37. b4 Kf4 38. R2c3 h5
39. g3+ Kg5 40. Rd3 Ra6+ 41. Kb2 Ra4 42. Rb3 h4 43. Rc5+ f5 44. exf5 gxf5 45.
g4 Rf7 46. h3 Kf4 47. Rc4+ Kg5 48. f4+ Kg6 49. g5 Re7 50. Rbc3 Re2+ 51. Kb3 Ra6
52. Rc6+ Rxc6 53. Rxc6+ Kf7 54. Rc7+ Ke6 55. Rxa7 Re3+ 56. Kc4 Re4+ 57. Kc5
Rxf4 58. g6 Rf3 59. g7 Rg3 60. b5 f4 61. b6 f3 62. b7 f2 63. b8=Q Rc3+ 64. Kd4
Rd3+ 65. Ke4 f1=Q 66. Qe5# 1-0

[Event "21. Intern. Travemünder Schach-Open"]
[Site "?"]
[Date "2004.12.30"]
[Round "7"]
[White "Lehmann, Holger"]
[Black "GM Mainka, Romuald"]
[Result "0-1"]
[WhiteElo "2193"]
[BlackElo "2461"]
[PlyCount "80"]
[EventDate "2004.??.??"]

1. Nf3 c5 2. e4 e6 3. d4 cxd4 4. Nxd4 a6 5. Nc3 Qc7 6. g3 Bb4 7. Nde2 Nf6 8.
Bg2 O-O 9. O-O Be7 10. Nd4 Nc6 11. Re1 d6 12. Bg5 Rb8 13. h3 Bd7 14. a4 h6 15.
Bc1 Rfe8 16. Kh2 Red8 17. Nb3 Ne5 18. a5 Bf8 19. f4 Nc4 20. Qe2 e5 21. f5 d5
22. exd5 Bb4 23. Rf1 Bxc3 24. bxc3 Bb5 25. Qf2 Nd6 26. Re1 Qxc3 27. Bd2 Qc7 28.
Bb4 Nc4 29. Rad1 e4 30. Qc5 Qe5 31. d6 Qb2 32. Re2 Rd7 33. Qd4 Rdd8 34. Qxb2
Nxb2 35. Rde1 Bxe2 36. Rxe2 Re8 37. g4 Nc4 38. Kg3 Nxd6 39. Nc5 Rbd8 40. h4 h5
0-1

[Event "21. Intern. Travemünder Schach-Open"]
[Site "?"]
[Date "2004.12.30"]
[Round "7"]
[White "Stimpel, Franz"]
[Black "Tonndorf, Matthias"]
[Result "1/2-1/2"]
[WhiteElo "2320"]
[BlackElo "2137"]
[PlyCount "22"]
[EventDate "2004.??.??"]

1. d4 e6 2. c4 Nf6 3. Nc3 Bb4 4. Qc2 c5 5. dxc5 Na6 6. a3 Bxc5 7. Nf3 O-O 8.
Bg5 h6 9. Bh4 Be7 10. e3 Nc7 11. Be2 b6 1/2-1/2

[Event "21. Intern. Travemünder Schach-Open"]
[Site "?"]
[Date "2004.12.30"]
[Round "7"]
[White "Knuth, Hannes"]
[Black "Jakobeit, David"]
[Result "1-0"]
[WhiteElo "2299"]
[BlackElo "2095"]
[PlyCount "69"]
[EventDate "2004.??.??"]

1. d4 Nf6 2. c4 c5 3. d5 b5 4. cxb5 a6 5. bxa6 g6 6. Nc3 Bxa6 7. g3 d6 8. Bg2
Bg7 9. Nf3 O-O 10. O-O Nbd7 11. h3 Nb6 12. Rb1 Bc4 13. Nd2 Bxa2 14. Nxa2 Rxa2
15. Qb3 Ra4 16. Qc2 Qa8 17. e4 Nfd7 18. Re1 Rb8 19. Bf1 Ra2 20. Re3 Bd4 21. Rb3
Ne5 22. Kg2 e6 23. dxe6 fxe6 24. f4 Ned7 25. Nf3 Bg7 26. Bd2 Ra4 27. Re1 d5 28.
exd5 exd5 29. Re7 Bf6 30. Re6 d4 31. Bb5 Ra7 32. Bc6 Rab7 33. Rxf6 Nxf6 34.
Rxb6 Qa7 35. Qb3+ 1-0

[Event "21. Intern. Travemünder Schach-Open"]
[Site "?"]
[Date "2004.12.30"]
[Round "7"]
[White "Rathje, Christian"]
[Black "Frodl, Michael"]
[Result "1/2-1/2"]
[WhiteElo "2072"]
[BlackElo "2240"]
[PlyCount "31"]
[EventDate "2004.??.??"]

1. e4 c5 2. Nf3 Nc6 3. d4 cxd4 4. Nxd4 Nf6 5. Nc3 e5 6. Ndb5 d6 7. Nd5 Nxd5 8.
exd5 Nb8 9. c4 Be7 10. Bd3 O-O 11. O-O a6 12. Nc3 f5 13. f3 Bg5 14. Kh1 Nd7 15.
b4 Bxc1 16. Rxc1 1/2-1/2

[Event "21. Intern. Travemünder Schach-Open"]
[Site "?"]
[Date "2004.12.30"]
[Round "7"]
[White "Schoenwolff, Kai"]
[Black "Kuhn, Gerd"]
[Result "1-0"]
[WhiteElo "2086"]
[BlackElo "2232"]
[PlyCount "33"]
[EventDate "2004.??.??"]

1. Nc3 d5 2. d4 Nf6 3. Bg5 Bf5 4. e3 Nbd7 5. Bd3 Bg6 6. f4 Bxd3 7. Qxd3 e6 8.
Nf3 Be7 9. O-O O-O 10. e4 dxe4 11. Nxe4 c5 12. Rad1 Qc7 13. Rfe1 Rad8 14. f5
cxd4 15. fxe6 fxe6 16. Bxf6 Bxf6 17. Nc5 1-0

[Event "21. Intern. Travemünder Schach-Open"]
[Site "?"]
[Date "2004.12.30"]
[Round "7"]
[White "Hobuss, Wolfgang"]
[Black "Jeske, Mark"]
[Result "1-0"]
[WhiteElo "2108"]
[BlackElo "2114"]
[PlyCount "115"]
[EventDate "2004.??.??"]

1. d4 d5 2. c4 e6 3. Nc3 c5 4. cxd5 exd5 5. Nf3 Nc6 6. g3 Nf6 7. Bg2 Be7 8. O-O
O-O 9. Bf4 Bg4 10. Ne5 Bh5 11. dxc5 Re8 12. Nd3 d4 13. Nb5 Rc8 14. Re1 a6 15.
Nd6 Bxd6 16. Bxd6 Ne4 17. Bxe4 Rxe4 18. Nf4 Bg6 19. Nxg6 hxg6 20. Rb1 Qd7 21.
b4 Rce8 22. Qd3 Na7 23. Bf4 Qb5 24. Kf1 Nc6 25. Qxb5 axb5 26. a3 f6 27. h4 Kf7
28. e3 dxe3 29. Rxe3 Rxe3 30. Bxe3 Ra8 31. Rd1 Ke7 32. Bc1 Ne5 33. Ke2 Nc4 34.
Rd3 Ne5 35. Re3 Kd7 36. Re4 Ra6 37. Kd1 Nc4 38. Rd4+ Ke6 39. Kc2 Nxa3+ 40. Bxa3
Rxa3 41. Rd6+ Ke7 42. Rb6 Ra7 43. Rxb5 Kd7 44. Kb3 Kc6 45. Rb6+ Kc7 46. Re6 Kd7
47. Rd6+ Kc7 48. Rd2 Ra1 49. Re2 Kd7 50. Kc4 Ra4 51. Kb5 Ra6 52. Re4 Kd8 53.
Rg4 f5 54. Rg5 Rf6 55. f4 Kc7 56. h5 Rf7 57. Rxg6 Re7 58. Kc4 1-0